Statistics for Biggest World Cities by Country on the World Map

Click here to take the quiz!

General Stats

  • This quiz has been taken 940 times
  • The average score is 139 of 196

Answers on the Map

Answers color-coded by a green-red scale on the quiz's map according to % correct below.
 

Answer Stats

CountryLatLon Pop IsCapitalCity% Correct
United States40.74997906-73.98001693 22,200,000 New York City
97%
Mexico19.44244244-99.1309882 22,300,000 CapitalMexico City
95%
Canada43.69997988-79.42002079 7,200,000 Toronto
95%
Cuba23.13195884-82.36418217 2,225,000 CapitalHavana
93%
United Kingdom51.49999473-0.116721844 14,500,000 CapitalLondon
93%
Russia55.7521641237.61552283 17,100,000 CapitalMoscow
92%
Colombia4.596423563-74.08334396 9,500,000 CapitalBogotá
91%
Ireland53.33306114-6.248905682 1,350,000 CapitalDublin
91%
Peru-12.04801268-77.05006209 10,100,000 CapitalLima
91%
Spain40.40002626-3.683351686 6,250,000 CapitalMadrid
91%
France48.866692932.333335326 11,300,000 CapitalParis
91%
Turkey41.1049961529.01000159 14,600,000 Istanbul
90%
Portugal38.72272288-9.144866305 2,550,000 CapitalLisbon
90%
Panama8.96801719-79.53303715 1,490,000 CapitalPanama City
90%
Chile-33.45001382-70.66704085 7,150,000 CapitalSantiago
90%
Australia-33.92001097151.1851798 4,975,000 Sydney
90%
Japan35.68501691139.7514074 39,800,000 CapitalTokyo
90%
Argentina-34.60250161-58.39753137 16,000,000 CapitalBuenos Aires
89%
Egypt30.0499603531.24996822 17,100,000 CapitalCairo
89%
Norway59.9166902910.74997921 1,160,000 CapitalOslo
89%
Brazil-23.55867959-46.62501998 21,900,000 São Paulo
89%
Sweden59.3507599518.09733473 2,125,000 CapitalStockholm
89%
Greece37.9833262323.73332108 3,400,000 CapitalAthens
88%
Venezuela10.50099855-66.91703719 3,725,000 CapitalCaracas
88%
Finland60.1755633724.93412634 1,250,000 CapitalHelsinki
88%
India28.669992977.23000403 27,200,000 CapitalDelhi
87%
Indonesia-6.174417705106.8294376 28,900,000 CapitalJakarta
87%
Ukraine50.4333673330.51662797 3,400,000 CapitalKiev
87%
Philippines14.60415895120.9822172 24,100,000 CapitalManila
87%
Italy45.46997529.20500891 5,150,000 Milan
87%
South Korea37.5663491126.999731 24,800,000 CapitalSeoul
87%
Algeria36.76306483.05055253 3,725,000 CapitalAlgiers
86%
United Arab Emirates25.2299961555.27997432 4,150,000 Dubai
86%
Guatemala14.62113466-90.52696558 3,050,000 CapitalGuatemala City
86%
South Africa-26.1700447428.03000972 13,100,000 AgglomerationJohannesburg
86%
Uruguay-34.85804157-56.17105229 1,840,000 CapitalMontevideo
86%
Tunisia36.8027781410.1796781 2,525,000 CapitalTunis
86%
Belgium50.833317084.333316608 2,025,000 CapitalBrussels
85%
Hungary47.5000063319.08332068 2,600,000 CapitalBudapest
85%
Denmark55.6785641912.56348575 1,630,000 CapitalCopenhagen
85%
Jamaica17.99702-76.79358 937,700 CapitalKingston
85%
St. Vincent & the Grenadines13.15872-61.22475 24,518 CapitalKingstown
85%
Bolivia-16.49797361-68.14998519 1,940,000 CapitalLa Paz
85%
Iran35.6719427751.42434403 14,000,000 CapitalTehran
85%
Iraq33.338648544.39386877 7,000,000 CapitalBaghdad
84%
Thailand13.74999921100.5166447 17,400,000 CapitalBangkok
84%
Romania44.433371826.09994665 2,200,000 CapitalBucharest
84%
Belarus53.8999774427.56662716 1,980,000 CapitalMinsk
84%
Haiti18.5410246-72.33603459 2,900,000 CapitalPort-au-Prince
84%
Czech Republic50.0833370114.46597978 1,400,000 CapitalPrague
84%
Iceland64.13548-21.89541 118,918 CapitalReykjavik
84%
Latvia56.94624.10589 742,572 CapitalRiga
84%
Saudi Arabia24.6408331546.77274166 6,900,000 CapitalRiyadh
84%
Paraguay-25.29640298-57.64150517 2,250,000 CapitalAsunción
83%
New Zealand-36.850013174.7649808 1,510,000 Auckland
83%
Monaco43.733337.41667 32,965 CapitalMonaco
83%
Bahamas25.05823-77.34306 227,940 CapitalNassau
83%
El Salvador13.71000165-89.20304122 1,830,000 CapitalSan Salvador
83%
Dominican Republic18.47007285-69.90008508 3,750,000 CapitalSanto Domingo
83%
Taiwan25.03583333121.5683333 9,050,000 CapitalTaipei
83%
Estonia59.4369624.75353 394,024 CapitalTallinn
83%
Mongolia47.9166734106.9166158 1,340,000 CapitalUlaanbaatar
83%
Vatican City41.9023612.45332 829 CapitalVatican City
83%
Austria48.2000152816.36663896 2,200,000 CapitalVienna
83%
Switzerland47.379987818.55001013 1,380,000 Zurich
83%
Morocco33.59997622-7.616367433 4,225,000 Casablanca
82%
Malaysia3.166665872101.6999833 6,800,000 CapitalKuala Lumpur
82%
Kuwait29.3697176347.97830115 4,275,000 CapitalKuwait City
82%
Nigeria6.4432616533.391531071 17,600,000 Lagos
82%
Luxembourg49.611676.13 76,684 CapitalLuxembourg
82%
North Korea39.0194387125.7546907 2,850,000 CapitalPyongyang
82%
Singapore1.293033466103.8558207 6,950,000 CapitalSingapore
82%
Bulgaria42.6833494323.31665401 1,330,000 CapitalSofia
82%
Bangladesh23.7230597190.40857947 17,900,000 CapitalDhaka
81%
Kenya-1.28334674236.81665686 5,350,000 CapitalNairobi
81%
Libya32.8925000213.18001176 1,140,000 CapitalTripoli
81%
Lithuania54.6891625.2798 542,366 CapitalVilnius
81%
Ethiopia9.03331036338.70000443 3,550,000 CapitalAddis Ababa
80%
Vietnam10.78002545106.6950272 8,300,000 Ho Chi Minh City
80%
Afghanistan34.5166902969.18326005 3,850,000 CapitalKabul
80%
Dem. Rep. of the Congo-4.32972410215.31497188 10,900,000 CapitalKinshasa
80%
Netherlands51.91996914.479974323 3,175,000 Rotterdam
80%
Israel32.0799914734.77001176 2,550,000 Tel Aviv-Jaffa
80%
Andorra42.507791.52109 20,430 CapitalAndorra la Vella
79%
Serbia44.8186454520.46799068 1,400,000 CapitalBelgrade
79%
Senegal14.71583173-17.47313013 3,400,000 CapitalDakar
79%
Syria33.50003436.29999589 3,525,000 CapitalDamascus
79%
Guyana6.80448-58.15527 235,017 CapitalGeorgetown
79%
China23.1449813113.3250101 48,600,000 Guangzhou
79%
Pakistan24.8699922966.99000891 25,100,000 Karachi
79%
Nepal27.7166919185.31664221 2,850,000 CapitalKathmandu
79%
Costa Rica9.93501243-84.08405135 1,860,000 CapitalSan José
79%
Croatia45.8131315.97753 800,000 CapitalZagreb
79%
Qatar25.2865560151.53296789 2,150,000 CapitalDoha
78%
Sudan15.5880782332.53417924 5,700,000 CapitalKhartoum
78%
Oman23.6133248158.59331213 1,230,000 CapitalMuscat
78%
Jordan31.9500252535.93329993 5,200,000 CapitalAmman
77%
Azerbaijan40.3952720349.86221716 2,475,000 CapitalBaku
77%
Lebanon33.8719751235.50970821 1,610,000 CapitalBeirut
77%
Yemen15.354733344.20659338 2,525,000 CapitalSana'a
77%
Bosnia & Herzegovina43.8486418.35644 696,731 CapitalSarajevo
77%
Sri Lanka6.93196575879.85775061 4,700,000 CapitalColombo
76%
Angola-8.83828611413.23442704 7,450,000 CapitalLuanda
76%
Cyprus35.1666733.36667 200,452 CapitalNicosia
76%
Albania41.327519.81889 374,801 CapitalTirana
76%
Madagascar-18.9166373547.5166239 2,275,000 CapitalAntananarivo
74%
Tanzania-6.80001259539.26834184 5,550,000 Dar es Salaam
74%
Djibouti11.5890143.14503 623,891 CapitalDjibouti
74%
Somalia2.06668133445.36667761 1,770,000 CapitalMogadishu
74%
Macedonia41.9964621.43141 474,889 CapitalSkopje
74%
Georgia41.7250099944.79079545 1,240,000 CapitalTbilisi
74%
Nicaragua12.15301658-86.26849166 1,300,000 CapitalManagua
73%
Armenia40.1811507444.51355139 1,480,000 CapitalYerevan
73%
Ghana5.550034606-0.21671574 4,700,000 CapitalAccra
72%
Slovenia46.0510814.50513 272,220 CapitalLjubljana
72%
Suriname5.86638-55.16682 223,757 CapitalParamaribo
72%
Uzbekistan41.3117018869.29493282 2,675,000 CapitalTashkent
72%
Namibia-22.5594117.08323 268,132 CapitalWindhoek
72%
Congo (Rep.)-4.25918577215.28468949 1,950,000 CapitalBrazzaville
71%
Moldova47.0055628.8575 635,994 CapitalChisinau
71%
Montenegro42.4411119.26361 136,473 CapitalPodgorica
71%
Kosovo42.6727221.16688 550,000 CapitalPristina
71%
Sierra Leone8.470011412-13.23421574 1,590,000 CapitalFreetown
70%
Cambodia11.55003013104.9166345 1,940,000 CapitalPhnom Penh
70%
Maldives4.174873.50888 103,693 CapitalMale
69%
Slovakia48.1481617.10674 423,737 CapitalBratislava
68%
Bahrain26.2361362950.58305172 1,410,000 CapitalManama
68%
Papua New Guinea-9.44314147.17972 283,733 CapitalPort Moresby
68%
East Timor-8.55861125.57361 150,000 CapitalDili
67%
Zimbabwe-17.8177896931.04470943 2,350,000 CapitalHarare
67%
Uganda0.31665895532.58332353 3,125,000 CapitalKampala
67%
Germany51.537.04 5,700,000 The Ruhr
67%
Liberia6.31055666-10.80475163 1,380,000 CapitalMonrovia
66%
Sao Tome & Principe0.336546.72732 53,300 CapitalSao Tome
66%
Laos17.96667102.6 196,731 CapitalVientiane
66%
Kyrgyzstan42.8774.59 1,010,000 CapitalBishkek
65%
Guinea-Bissau11.86357-15.59767 388,028 CapitalBissau
65%
Mozambique-25.9552774932.58916296 2,250,000 CapitalMaputo
65%
Zambia-15.4166442728.28332759 2,375,000 CapitalLusaka
64%
South Sudan4.8516531.58247 300,000 CapitalJuba
63%
Seychelles-4.6166755.45 22,881 CapitalVictoria
63%
Rwanda-1.95359006930.06053178 1,040,000 CapitalKigali
62%
Chad12.1130965415.04914831 1,250,000 CapitalN'Djamena
62%
Burkina Faso12.37031598-1.524723756 2,150,000 CapitalOuagadougou
62%
Bhutan27.4660989.64191 98,676 CapitalThimphu
62%
Cameroon3.86670066211.51665076 3,025,000 CapitalYaoundé
62%
Turkmenistan37.9499949358.38329911 1,180,000 CapitalAshgabat
61%
Mali12.65001467-8.000039105 3,050,000 CapitalBamako
61%
Niger13.516705952.116656045 1,150,000 CapitalNiamey
61%
Fiji-18.14161178.44149 77,366 CapitalSuva
61%
Myanmar16.783354196.16667761 5,250,000 Yangon
61%
Brunei4.94029114.94806 64,409 CapitalBandar Seri Begawan
60%
Tajikistan38.5357568.77905 679,400 CapitalDushanbe
60%
Togo6.1319370721.222757119 1,900,000 CapitalLomé
60%
Antigua & Barbuda17.11717-61.84573 24,226 CapitalSaint John's
60%
Eritrea15.3380538.93184 563,930 CapitalAsmara
59%
Barbados13.1-59.61667 98,511 CapitalBridgetown
59%
Cape Verde14.93152-23.51254 113,364 CapitalPraia
59%
Cote d'Ivoire5.319996967-4.04004826 5,200,000 Abidjan
58%
Kazakhstan43.3249898576.91503617 1,920,000 Almaty
58%
Central African Rep.4.36664430618.55828813 1,080,000 CapitalBangui
58%
Gabon0.392419.45356 578,156 CapitalLibreville
58%
Mauritius-20.1619457.49889 155,226 CapitalPort Louis
58%
Belize17.49952-88.19756 61,461 Belize City
57%
Guinea9.531522846-13.68023503 2,300,000 CapitalConakry
57%
Malawi-13.9832950733.78330196 1,120,000 CapitalLilongwe
57%
Mauritania18.08642702-15.97534041 1,100,000 CapitalNouakchott
57%
Lesotho-29.3166727.48333 118,355 CapitalMaseru
56%
Samoa-13.83333-171.76666 40,407 CapitalApia
54%
St. Kitts & Nevis17.29484-62.7261 12,920 CapitalBasseterre
54%
St. Lucia13.9957-61.00614 20,000 CapitalCastries
54%
Botswana-24.6545125.90859 208,411 CapitalGaborone
54%
Ecuador-2.220033754-79.92004195 3,025,000 Guayaquil
54%
Grenada12.05644-61.74849 7,500 CapitalSaint George's
54%
Dominica15.30174-61.38808 16,571 CapitalRoseau
52%
Comoros-11.7021643.25506 42,872 CapitalMoroni
51%
Vanuatu-17.73381168.32188 35,901 CapitalPort Vila
49%
Tuvalu-8.52425179.19417 4,492 CapitalFunafuti
47%
Solomon Islands-9.43333159.95 56,298 CapitalHoniara
46%
Burundi-3.382229.3644 331,700 CapitalBujumbura
45%
Tonga-21.13938-175.2018 22,400 CapitalNuku'alofa
43%
Poland50.2603804719.02001705 2,375,000 Katowice
39%
Marshall Islands7.08971171.38027 25,400 CapitalMajuro
39%
Kiribati1.3278172.97696 40,311 CapitalTarawa
39%
Benin6.4000085642.519990599 1,650,000 CapitalCotonou
34%
Honduras15.50002159-88.02998621 1,140,000 San Pedro Sula
21%
Liechtenstein47.164989.50867 5,748 Schaan
17%
Malta35.8972214.46111 21,676 Birkirkara
12%
Palau7.33978134.47326 14,000 Koror State
11%
San Marino43.9689712.48167 9,258 Serravalle
11%
Equatorial Guinea1.863919.76582 173,046 Bata
10%
Fed. States of Micronesia7.45154151.8468 13,856 Weno
8%
Trinidad & Tobago10.51667-61.41667 67,433 Chaguanas
6%
Swaziland-26.4988431.38004 110,537 Manzini
6%
Nauru-0.52545166.91247 2,381 Arijejen
4%
Gambia13.27136-16.64944 77,700 Brikama
4%

Score Distribution

Percentile by Number Answered

Percent of People with Each Score

Your Score History

You have not taken this quiz